00342nam a2200145Ia 4500008004000000041000800040082001200048100001400060245002900074260005200103300000700155650001500162650000900177650001000186210210b1930 xxu||||| |||| 00| 0 eng d aeng a320/692 aSNELL (H) aDaily life in parliament aLondonbGeorge Routledge and Sons Limitedc1930 a74 aparliament alife aDaily